000 01409nam a2200373 a 4500
001 000041462
003 DO-SdBNP
005 20170919125613.0
007 000041462
008 131007s1994 dr ab 001 0 spa d
040 _aBPMSU
_bspa
_cBPMSU
082 4 _a362.1097293
_bB333c
100 1 _aBatista del Villar, Guarocuya
245 1 0 _aCinco ensayos sobre la salud de los dominicanos /
_cGuarocuya Batista del Villar.
260 _aSanto Domingo :
_bAsociación Medica Dominicana,
_c1994.
300 _a132 p. :
_bil., mapas ;
_c21 cm.
490 1 _aAMD-Centenaria
_v7
500 _aIncluye datos biografícos del autor en la contraportada.
504 _aIncluye bibliografía y notas al final de capítulos.
650 4 _aSERVICIOS DE SALUD
_zREPÚBLICA DOMINICANA
_xENSAYOS, CONFERENCIAS, ETC.
650 4 _aATENCIÓN MÉDICA
_zREPÚBLICA DOMINICANA
_xENSAYOS, CONFERENCIAS, ETC.
650 4 _aPRÁCTICA MÉDICA
_zREPÚBLICA DOMINICANA
_xENSAYOS, CONFERENCIAS, ETC.
650 4 _aSATISFACCIÓN DEL PACIENTE
_xENSAYOS, CONFERENCIAS, ETC.
710 2 _aAsociación Médica Dominicana
830 0 _aAMD-Centenaria
_n7
910 _aValidado. Control de calidad EMS
930 1 _l
_m
_h
_8
_f
_p
_g
942 _2ddc
_cBK
945 _aInventariado / 2017 VM
956 _a
_b
_c
_l
_h
956 _a
_b
_c
_l
_h
956 _a
_b
_c
_l
_h
956 _aVMATEO
_b10
_c20150327
_lBPMSU
_h00151
999 _c7582
_d7582